|
|
|
|
| LEADER |
00000nab a2200000 ar4500 |
| 001 |
vtls008839757 |
| 003 |
SK-MaSNL |
| 005 |
20260426094512.0 |
| 008 |
060817c2006 xo mr|p|||||||000 b|slo |
| 015 |
|
|
|a SNBRB2006/08
|2 snkbucl
|
| 038 |
|
|
|a SNKBUCL
|
| 040 |
|
|
|a SNKBUCL
|b slo
|c SNKBUCL
|e AACR2
|
| 041 |
0 |
|
|a slo
|
| 044 |
|
|
|a xo
|c SK
|
| 080 |
|
|
|a 655.413
|x (437.6)
|2 1997
|
| 100 |
0 |
|
|a -báb-
|4 aut
|9 840112
|
| 245 |
1 |
0 |
|a Pätnásť rokov a celý mesiac s knihami zo Slovartu
|c [autor] -báb-
|
| 610 |
2 |
7 |
|a Slovart (Bratislava, Slovensko)
|x podujatia
|2 snkbucl
|9 1547296
|
| 648 |
|
7 |
|a jún 2006
|2 snkbucl
|9 1055710
|
| 650 |
0 |
7 |
|a nakladateľstvá a vydavateľstvá
|2 SNKPH
|9 2789
|
| 651 |
|
7 |
|a Bratislava (Slovensko)
|2 SNKPHgeo
|9 14568
|
| 773 |
0 |
|
|t Knižná revue
|g Roč. XVI., č. 13 (2006), s. 2
|x 1210-1982
|
| 852 |
|
|
|a SNK
|b KIS3GCP
|
| 958 |
|
|
|a KL
|
| 958 |
|
|
|a SK
|
| 999 |
|
|
|c 3138299
|d 3140229
|